00773 2200265 4500001002100000005001700021020002200038035002400060040001200084082001800096084001800114090001800132100001700150245011200167250001100279260004200290300003300332504003100365650002900396700002200425850001200447990001600459990001600475990001600491YOGYA00000000010060620141022081215.0 a978-979-22-9336-4 0010-111300000000727 aYOPDYOG 2[22]a153.152 a153.152 Foe M a153.152 Foe M aFOER, Joshua aMoonwalking with Einsteinb: Rahasia memiliki ingatan superc/ Joshua Foer ; alih bahasa, Alex Tri Kantjono aCet. 1 aJakartabGramedia Pustaka Utamac2013 ax, 322 hlm.c23 cm. (3 eks.) aBibliografi : hlm. 313-322 aIngatan - Metode belajar aAlex Tri Kantjono aYOPDYOG a4467/B.2013 a4468/B.2013 a4469/B.2013